An AutoBiography Jawaharlal Nehru (Record no. 1128)
[ view plain ]
| 000 -LEADER | |
|---|---|
| fixed length control field | 00228nam a22000857a 4500 |
| 003 - CONTROL NUMBER IDENTIFIER | |
| control field | OSt |
| 005 - DATE AND TIME OF LATEST TRANSACTION | |
| control field | 20171212161206.0 |
| 008 - FIXED-LENGTH DATA ELEMENTS--GENERAL INFORMATION | |
| fixed length control field | 160629b xxu||||| |||| 00| 0 eng d |
| 020 ## - INTERNATIONAL STANDARD BOOK NUMBER | |
| International Standard Book Number | 9780143031048 |
| 040 ## - CATALOGING SOURCE | |
| Transcribing agency | HISTORY |
| 100 ## - MAIN ENTRY--PERSONAL NAME | |
| 9 (RLIN) | 1370 |
| Personal name | Penguin Books |
| 245 ## - TITLE STATEMENT | |
| Title | An AutoBiography Jawaharlal Nehru |
| 260 ## - PUBLICATION, DISTRIBUTION, ETC. (IMPRINT) | |
| Place of publication, distribution, etc. | N.D |
| Name of publisher, distributor, etc. | Penguin |
| Date of publication, distribution, etc. | 2004 |
| 942 ## - ADDED ENTRY ELEMENTS (KOHA) | |
| Source of classification or shelving scheme | Dewey Decimal Classification |
| Koha item type | Reference |
| Withdrawn status | Lost status | Source of classification or shelving scheme | Damaged status | Not for loan | Home library | Current library | Shelving location | Date acquired | Total Checkouts | Full call number | Barcode | Date last seen | Price effective from | Koha item type |
|---|---|---|---|---|---|---|---|---|---|---|---|---|---|---|
| Dewey Decimal Classification | Good Samaritan School Library | Good Samaritan School Library | History | 06/29/2016 | PEN920 D-5 | PEN2016 | 06/29/2016 | 06/29/2016 | Reference |